000 00930cab a22002295a 4500
001 L156692
008 120626e20120120xxk 000 0 eng d
035 _a(Sirsi) u156692
041 0 _aeng
100 1 _aHayman, Allister
245 0 0 _aBalfour Beatty tops table
_bbusiness barometer
260 _c2012
490 _aBuilding
_v277 (8733) 22 June 2012, 18-19(2)
520 _aOverview; tables of top contractors including and excluding civils for May 2012; yearly work won including and excluding civils June 2011-May 2012; top architects and top quantity surveyors June 2011-May 2012 using information from Barbour ABI. Also comments on the latest ONS output figures, the CPA/Barbour ABI Index and the Private Housing Index.
590 _aKA
651 4 _aUnited Kingdom
_y
690 _aContracts
_96232
690 _aConstruction management
_96230
700 1 _aGreen, Brian
700 1 _aForrest, Kelly
942 _n0
999 _c84121
_d84121